000 00543nam a22001697a 4500
003 AUA.1
005 20210326084742.0
008 210326b ||||| |||| 00| 0 eng d
040 _cJTL
100 _aMugo, Dorcas
245 _aSolid waste disposal practices of primary school children in Kajiado North Sub-County, Kenya /
_cDorcas Mugo.
260 _c2020.
300 _ax, 90 leaves :
_bill. ;
_c28 cm.
650 _aSolid waste management
650 _aKajiado North Sub-county
_xKenya
942 _2aua
_cTHESIS
_hMPH
_i.M84 2020
999 _c23220
_d23220